The ochre role (Record no. 1443049)

MARC details
000 -LEADER
fixed length control field 00575nam a2200217Ia 4500
005 - DATE AND TIME OF LATEST TRANSACTION
control field 20250923144749.0
008 - FIXED-LENGTH DATA ELEMENTS--GENERAL INFORMATION
fixed length control field 008 250917s9999 xx 000 0 eng d
037 ## - SOURCE OF ACQUISITION
Stock number Textual
040 ## - CATALOGING SOURCE
Original cataloging agency DSWL
Language of cataloging eng
Transcribing agency DSWL
041 ## - LANGUAGE CODE
Language code of text/sound track or separate title eng
Source of code eng
084 ## - COLON CLASSIFICATION NUMBER
Assigning agency DSWL
100 ## - MAIN ENTRY--PERSONAL NAME
Personal name Bharati, Swami Agchananda
9 (RLIN) 828170
245 #4 - TITLE STATEMENT
Title The ochre role
Statement of responsibility, etc. by Swami Agchananda Bharati
260 ## - PUBLICATION, DISTRIBUTION, ETC.
Place of publication, distribution, etc. London
Name of publisher, distributor, etc. GeorgeAllen & Unwin
Date of publication, distribution, etc. 1961
300 ## - PHYSICAL DESCRIPTION
Extent 296p.
365 ## - TRADE PRICE
Price type code INR
Price amount 25
700 ## - ADDED ENTRY--PERSONAL NAME
Personal name Agchananda
9 (RLIN) 828171
925 ## -
-- 25
942 ## - ADDED ENTRY ELEMENTS (KOHA)
Koha item type Textual
Holdings
Withdrawn status Lost status Damaged status Not for loan Home library Current library Date acquired Total Checkouts Barcode Date last seen Price effective from Koha item type
        Department of Social Work Library Department of Social Work Library 2025-09-23   SW0007578 2025-09-23 2025-09-23 Textual
Copyright @ Delhi University Library System